Asian cities A-Z - Statistics

General Stats
  • This quiz has been taken 26 times
  • The average score is 15 of 26
Answer Stats
Clue City in Asia % Correct
B Thai megacity Bangkok
100%
A The capital of the United Arab Emirates, and base of Etihad Airways Abu Dhabi
96%
D Saul's Syrian destination in the Bible Damascus
92%
C Sri Lanka's largest settlement, perhaps a place for an old detective? Colombo
88%
H Metropolis of northern Vietnam Hanoi
85%
I The capital of Pakistan, named after a religion Islamabad
85%
J Famous holy site in Israel Jerusalem
81%
U Mongolia's capital Ulaanbaatar
81%
K Main urban area of small Persian Gulf state Kuwait City
77%
P The no. 1 agglomeration of Cambodia Phnom Penh
77%
R The base of the Saudi government Riyadh
77%
S
Houthi stronghold in Yemen
Sana'a
73%
X Chinese conurbation famed for its Terracotta Warriors Xi'an
65%
Y The capital of Armenia, built before transportation Yerevan
65%
N Huge Japanese port where Toyota are based Nagoya
58%
M Burmese city, and a good place to lie down Mandalay
54%
Q Location in Iran where a meditative Buddhist mantra may be heard Qom
54%
E Kurdish city in Iraq where gerbils can be partly glimpsed Erbil
42%
T Lebanese centre for manufacture of wheel components? Tyre
42%
V Very ancient city and one of the holiest sites for the Hindu religion Varanasi
42%
O Place of silence in Kyrgyzstan Osh
23%
G South Korean city where gang is infiltrated by the West; word has it that someone of Israeli origin is the latest member Gwangju
19%
F Regional centre of E. Uzbekistan, near a twisted range of mountains Fergana
12%
L Pal confused by urban gang in major Buddhist hub of Laos Luang Prabang
8%
W Port and naval base of North Korea Wonsan
8%
Z Quizzer will find his consonants re-used with a suburb of Amman, Jordan Zarqa
8%
No matching quizzes found
Score Distribution
Percent of People with Each Score
Percentile by Number Answered
Your Score History
You have not taken this quiz